Ferrierita intercambiada con paladio-plata para la reduccion catalitica selectiva de los NOx con metano como agente reductor (Registro nro. 123733)

Detalles MARC
000 -CABECERA
campo de control de longitud fija 01081nam a2200337 u 4500
001 - NÚMERO DE CONTROL
campo de control 486967
005 - FECHA Y HORA DE LA ÚLTIMA TRANSACCIÓN
campo de control 20260506083053.0
008 - DATOS DE LONGITUD FIJA--INFORMACIÓN GENERAL
campo de control de longitud fija 990715s1999 ||||||m| spa
035 ## - NÚMERO DE CONTROL DEL SISTEMA
Número de control de sistema 486967
040 ## - FUENTE DE LA CATALOGACIÓN
Centro/agencia transcriptor comduadb
041 ## - CÓDIGO DE LENGUA
Código de lengua del texto/banda sonora o título independiente spa
082 #4 - NÚMERO DE LA CLASIFICACIÓN DECIMAL DEWEY
Número de clasificación 660
100 10 - ENTRADA PRINCIPAL--NOMBRE DE PERSONA
Nombre de persona Henao Echavarria, Victor Hugo
Código de función aut
Término indicativo de función/relación Autor/a
9 (RLIN) 328611
245 10 - TÍTULO PROPIAMENTE DICHO
Título propiamente dicho Ferrierita intercambiada con paladio-plata para la reduccion catalitica selectiva de los NOx con metano como agente reductor
260 ## - PUBLICACIÓN, DISTRIBUCIÓN, ETC.
Lugar de publicación, distribución, etc. Medellín :
Nombre del editor, distribuidor, etc. [sin publicador],
Fecha de publicación, distribución, etc. 1999.
300 ## - DESCRIPCIÓN FÍSICA
Extensión 61 hojas
502 ## - NOTA DE TESIS
Tipo de título Tesis (Ingeniero/a Químico/a).
Nombre de la institución que otorga el título Universidad de Antioquia. Facultad de Ingeniería,
526 ## - NOTA DE INFORMACIÓN SOBRE EL PROGRAMA DE ESTUDIO
Nombre del programa Universidad de Antioquia. Facultad de Ingeniería. Ingeniería Química.
650 ## - PUNTO DE ACCESO ADICIONAL DE MATERIA--TÉRMINO DE MATERIA
Término de materia o nombre geográfico como elemento de entrada Ferrierita
9 (RLIN) 55959
650 ## - PUNTO DE ACCESO ADICIONAL DE MATERIA--TÉRMINO DE MATERIA
Término de materia o nombre geográfico como elemento de entrada Paladio
9 (RLIN) 20873
650 ## - PUNTO DE ACCESO ADICIONAL DE MATERIA--TÉRMINO DE MATERIA
Término de materia o nombre geográfico como elemento de entrada Plata
9 (RLIN) 24618
650 ## - PUNTO DE ACCESO ADICIONAL DE MATERIA--TÉRMINO DE MATERIA
Término de materia o nombre geográfico como elemento de entrada Óxido de nitrógeno
9 (RLIN) 25083
650 ## - PUNTO DE ACCESO ADICIONAL DE MATERIA--TÉRMINO DE MATERIA
Término de materia o nombre geográfico como elemento de entrada Catalizadores de zeolitas
9 (RLIN) 13274
650 #7 - PUNTO DE ACCESO ADICIONAL DE MATERIA--TÉRMINO DE MATERIA
Término de materia o nombre geográfico como elemento de entrada Metano
Fuente del encabezamiento o término lemb
9 (RLIN) 1664
650 ## - PUNTO DE ACCESO ADICIONAL DE MATERIA--TÉRMINO DE MATERIA
Término de materia o nombre geográfico como elemento de entrada Combustión de metano
9 (RLIN) 24080
650 ## - PUNTO DE ACCESO ADICIONAL DE MATERIA--TÉRMINO DE MATERIA
Término de materia o nombre geográfico como elemento de entrada Nitrato de amonio
9 (RLIN) 52034
650 ## - PUNTO DE ACCESO ADICIONAL DE MATERIA--TÉRMINO DE MATERIA
Término de materia o nombre geográfico como elemento de entrada Síntesis de zeolitas
9 (RLIN) 14780
700 10 - ENTRADA AGREGADA--NOMBRE PERSONAL
Nombre de persona Serna Gonzalez, Horacio Alberto
Código de función aut
Término indicativo de función/relación Autor/a
9 (RLIN) 300485
700 10 - ENTRADA AGREGADA--NOMBRE PERSONAL
Nombre de persona Zapata Cuartas, Juan Carlos
Código de función aut
Término indicativo de función/relación Autor/a
9 (RLIN) 298137
942 ## - ELEMENTOS DE ENTRADA AGREGADA (KOHA)
Tipo de ítem Koha Tesis
Existencias
Estado de retiro Estado de pérdida Estado dañado No para préstamo Código de colección Localización permanente Ubicación/localización actual Fecha de adquisición Fuente de adquisición Número de inventario Total de préstamos Signatura topográfica completa Código de barras Fecha visto por última vez Número de copia Precio válido a partir de Tipo de ítem Koha
        Colección de Tesis. Piso 2 Biblioteca Carlos Gaviria Díaz, Campus Medellín Biblioteca Carlos Gaviria Díaz, Campus Medellín 15/07/1999 Material adquirido por donación C548904   660.2995 S486f 6-10000003304804 22/04/2023 1 22/04/2023 Tesis